Niektoré prístupy k zaobchádzaniu s bezpečnostnými rizikami v sociálnej sfére
Zaobchádzanie s rizikom je rozhodujúcou aktívnou fázou manažmentu bezpečnostných rizík. Cieľom manažmentu rizika je vo všeobecnej rovine jeho zníženie na akceptovateľnú mieru rôznymi opatreniami. Opatrenie je súbor činností, ktorých cieľom je zníženie rizika na akceptovateľnú úroveň.
Uložené v:
| Hlavný autor: | |
|---|---|
| Médium: | Kapitola |
| Jazyk: | Slovak |
| Predmet: | |
| Tagy: |
Žiadne tagy, Buďte prvý, kto otaguje tento záznam!
|
MARC
| LEADER | 00000nla a2200000 4500 | ||
|---|---|---|---|
| 001 | 0182917 | ||
| 005 | 20221020081921.4 | ||
| 041 | 0 | |a slo | |
| 044 | |a SK | ||
| 245 | 1 | 0 | |a Niektoré prístupy k zaobchádzaniu s bezpečnostnými rizikami v sociálnej sfére |c Ján Buzalka |
| 520 | |a Zaobchádzanie s rizikom je rozhodujúcou aktívnou fázou manažmentu bezpečnostných rizík. Cieľom manažmentu rizika je vo všeobecnej rovine jeho zníženie na akceptovateľnú mieru rôznymi opatreniami. Opatrenie je súbor činností, ktorých cieľom je zníženie rizika na akceptovateľnú úroveň. | ||
| 610 | 2 | 0 | |a správa verejná |
| 610 | 2 | 0 | |a manažment verejnej správy |
| 610 | 2 | 0 | |a riadenie rizík |
| 610 | 2 | 0 | |a bezpečnosť národná |
| 610 | 2 | 0 | |a ochrana civilná |
| 610 | 2 | 0 | |a orgány bezpečnostné |
| 100 | 1 | |a Buzalka, Ján | |